[Event "MCR mladeze 2019 - Narodni open"]
[Site "Kouty nad Desnou"]
[Date "2019.03.12"]
[Round "5"]
[White "Vavrinek, Tomas"]
[Black "Hrabal, Matej"]
[Result "1-0"]
[WhiteElo "1710"]
[BlackElo "1789"]
[EventDate "2019.03.09"]
[PlyCount "119"]

1. d4 Nf6 2. c4 e6 3. Nf3 d5 4. Bf4 Bd6 5. Bg3 O-O 6. e3 b6 7. cxd5 exd5 8. Nc3
Bb7 9. Qc2 Qe7 10. Bxd6 Qxd6 11. Nb5 Qb4+ 12. Qc3 Qxc3+ 13. Nxc3 Ba6 14. Bxa6
Nxa6 15. a3 Rac8 16. O-O Rfd8 17. Rac1 c6 18. Rc2 Nc7 19. Ne5 Ne6 20. Rfc1 Nd7
21. Nxd5 Nxe5 22. Ne7+ Kf8 23. Nxc8 Nd3 24. Rd1 Nxb2 25. Rxb2 Rxc8 26. Rc2 Ke7
27. d5 Nc5 28. dxc6 Rxc6 29. Kf1 Rh6 30. h3 Rh4 31. Rd4 Rxd4 32. exd4 Ne6 33.
Rc8 Nxd4 34. Rc7+ Kf6 35. Rxa7 Nb5 36. Ra6 Ke5 37. Ke2 Nc3+ 38. Kd3 Nd5 39. g3
g5 40. Ra7 Ke6 41. Kd4 Nf6 42. Rb7 Nd7 43. Kc4 f5 44. Kb5 f4 45. Rxb6+ Nxb6 46.
Kxb6 Kd5 47. a4 Ke4 48. a5 Kf3 49. gxf4 gxf4 50. a6 Kxf2 51. a7 Kg3 52. a8=Q f3
53. Qg8+ Kxh3 54. Qxh7+ Kg2 55. Qg6+ Kf1 56. Qd3+ Kg2 57. Qe4 Kg3 58. Kc5 Kg2
59. Kd4 Kf2 60. Kd3 1-0

[Event "MCR mladeze 2019 - Narodni open"]
[Site "Kouty nad Desnou"]
[Date "2019.03.12"]
[Round "5"]
[White "Vojcak, Petr"]
[Black "Strapec, Lukas"]
[Result "1-0"]
[WhiteElo "1537"]
[BlackElo "1376"]
[EventDate "2019.03.09"]
[PlyCount "79"]

1. d4 d5 2. c4 c6 3. cxd5 cxd5 4. Bf4 Bf5 5. Nc3 Nf6 6. Qb3 Qd7 7. e3 a6 8. Na4
b5 9. Nb6 Qc6 10. Nxa8 Qxa8 11. Rc1 Nc6 12. Bd3 Bxd3 13. Qxd3 e6 14. Qc2 Kd7
15. Nf3 Bb4+ 16. Ke2 Rc8 17. Ne5+ Nxe5 18. Qxc8+ Qxc8 19. Rxc8 Kxc8 20. Bxe5
Kd7 21. Rc1 Ba5 22. Bxf6 gxf6 23. Kf3 f5 24. g4 Bc7 25. gxf5 Bd6 26. fxe6+ fxe6
27. h3 h6 28. Rg1 Bf8 29. Kg4 Ke7 30. Kh5 a5 31. Rg8 Kf7 32. Rxf8+ Kxf8 33.
Kxh6 Kf7 34. Kg5 b4 35. h4 Kg7 36. h5 a4 37. h6+ Kh7 38. Kf6 Kxh6 39. Kxe6 Kg6
40. Kxd5 1-0

[Event "MCR mladeze 2019 - Narodni open"]
[Site "Kouty nad Desnou"]
[Date "2019.03.12"]
[Round "5"]
[White "Gemsova, Tereza"]
[Black "Mikolas, Petr"]
[Result "1/2-1/2"]
[WhiteElo "1459"]
[BlackElo "1350"]
[EventDate "2019.03.09"]
[PlyCount "39"]

1. e4 Nf6 2. Nc3 d6 3. Nf3 e5 4. d4 exd4 5. Nxd4 Be7 6. Bc4 c6 7. Bb3 b6 8. Bf4
O-O 9. O-O a6 10. a4 c5 11. Nf3 Bg4 12. h3 Bd7 13. Qd3 Bc6 14. Rad1 Qc7 15. e5
dxe5 16. Bxe5 Qd7 17. Qe3 Qb7 18. Rfe1 Nbd7 19. Bxf6 Bxf6 20. Ne5 1/2-1/2

[Event "MCR mladeze 2019 - D10"]
[Site "Kouty nad Desnou"]
[Date "2019.03.13"]
[Round "6"]
[White "Micova, Barbora"]
[Black "Zadrapova, Amalie"]
[Result "1/2-1/2"]
[WhiteElo "1103"]
[BlackElo "1317"]
[EventDate "2019.03.09"]

1. e4  c5  2. Nf3  d6
3. d4  cxd4  4. Nxd4
Nf6  5. Nc3  a6
6. f3  e5  7. Nb3  Be7
8. Be3  b5  9. Qd2
O-O  10. O-O-O  Bd7
11. g4  b4  12. Ne2
a5  13. h4  a4
14. Na1  b3  15. g5  Nh5
16. f4  a3  17. Nxb3
axb2+  18. Kb1  Ba4
19. fxe5  Bxb3  20. cxb3
dxe5  21. Qxd8  Rxd8
22. Rxd8+  Bxd8  23. Kxb2
Nc6  24. Bh3  Be7
25. Bg4  g6  26. Bxh5
gxh5  27. Ng3  Ba3+
28. Kb1  Rd8  29. Nxh5
Nd4  30. Nf6+  Kg7
31. h5  Nf3 1/2-1/2

[Event "MCR mladeze 2019 - D10"]
[Site "Kouty nad Desnou"]
[Date "2019.03.13"]
[Round "6"]
[White "Horkova, Tereza"]
[Black "Ticha, Valerie"]
[Result "1-0"]
[WhiteElo "1346"]
[BlackElo "1036"]
[EventDate "2019.03.09"]

1. e4  e5  2. Nf3  Nc6
3. Bc4  Bc5  4. c3
Nf6  5. d4  Bd6
6. Bd3  exd4  7. cxd4  Bb4+
8. Bd2  Bxd2+ 9. Nbxd2 d6  10.
d5  Ne5  11. Nxe5  dxe5
12. O-O  O-O  13. Qf3
c6 14. Bc4 b5  15. Bb3  cxd5
16. exd5  Bb7  17. Ne4
Nxd5  18. Rad1  a5
19. Nc5  Bc6  20. Bxd5
Bxd5  21. Rxd5  Qxd5
22. Qxd5  Rfe8  23. Re1
Rad8  24. Qb3  Rd5
25. Qxb5  Red8  26. g3
Ra8  27. f4  f6
28. Qc6  Rad8  29. Qe6+  Kh8
30. fxe5  Rxc5  31. exf6
Rcc8  32. f7  Rf8
33. Qe8  Rcxe8  34. Rxe8
Rxe8  35. fxe8=R# 1-0

[Event "MCR mladeze 2019 - D10"]
[Site "Kouty nad Desnou"]
[Date "2019.03.13"]
[Round "6"]
[White "Buchtova, Viktorie"]
[Black "Barteckova, Valerie"]
[Result "0-1"]
[WhiteElo "1233"]
[BlackElo "1159"]
[EventDate "2019.03.09"]

1. e4  e5  2. Nf3  Nc6
3. d4  exd4  4. c3
dxc3  5. Nxc3  Bb4
6. Bc4  Nf6  7. O-O
Bxc3  8. bxc3  d6
9. Qb3  O-O  10. Ng5
Qe7  11. Re1  Ne5
12. Be3  h6  13. Nf3
Nxc4  14. Qxc4  Be6
15. Qb4  b6  16. e5
Nd5  17. exd6  cxd6
18. c4  Nxb4  19. Rad1
Qf6  20. Rxd6  Qe7
21. Rd4  Rfd8  22. Re4
Rd7  23. Nd4  Rad8
24. f4  Qf6  25. Nxe6
fxe6  26. h3  Rd1
27. Rxd1  Rxd1+  28. Kh2
Re1  29. Bd4  Qf7
30. Rxe1  Qxf4+  31. Kh1
Qxd4  32. Rxe6  Qxc4
33. Re8+  Kh7  34. a3
Qc1+  35. Kh2  Qxa3
36. Re7  a5  37. Re6
b5  38. Re5  Qd3
39. Re1  a4  40. h4
a3  41. h5  a2
42. Rc1  Nc2  43. g3  Qd2+
44. Kh3  Qxc1  45. Kh4
Qg5+  46. Kh3  a1=R
47. g4  Qe3+  48. Kg2
Ne1+  49. Kh2  Ra2+
50. Kh1  Qh3+  51. Kg1
Qg2#  0-1

[Event "MCR mladeze 2019 - D10"]
[Site "Kouty nad Desnou"]
[Date "2019.03.13"]
[Round "6"]
[White "Lackova, Ludmila"]
[Black "Nechvatalova, Eva"]
[Result "1-0"]
[WhiteElo "1100"]
[BlackElo "1100"]
[EventDate "2019.03.09"]

1. e4  c5  2. Nf3  d6
3. c3  Nf6  4. Be2
g6  5. O-O  Nxe4
6. Qa4+  Nc6  7. Qxe4
Bg7  8. Re1  O-O
9. d4  cxd4  10. cxd4
Be6  11. d5  Bf5
12. Qa4  Ne5  13. Nxe5
Bxe5  14. Nd2  Bg7
15. Nf3  Re8  16. Bb5
Rf8  17. Bg5  Bf6
18. Bh6  Bg7  19. Bxg7
Kxg7  20. Rac1  a6
21. Bf1  Rc8  22. Ng5
Rxc1  23. Rxc1  h6
24. Nf3  Qb6  25. Qd4+
Qxd4  26. Nxd4  e5
27. Nxf5+  gxf5  28. Rc7
Rb8  29. Be2  Kg6
30. Rd7  Kf6  31. Rxd6+
Ke7  32. Rxh6  Rc8
33. Rb6  Rc1+  34. Bf1
Rc7  35. d6+  Kd8
36. dxc7+  Kxc7  37. Rf6
e4  38. Rxf7+  Kb6
39. Rxf5  Kc6  40. Re5
b6  41. Rxe4  Kc5
42. Bxa6  Kd5  43. Rh4
Kc6  44. Rc4+  Kd7
45. h4  Ke7  46. Rc6
b5  47. h5  Kf7
48. Rg6  b4  49. Rg3  Kf8
50. h6  Kf7  51. h7
Ke7  52. h8=Q Kf7  53. Qe5
Kf8  54. Rf3+  Kg8
55. Qg5+  Kh7  56. Rh3#
1-0

[Event "MCR mladeze 2019 - D10"]
[Site "Kouty nad Desnou"]
[Date "2019.03.13"]
[Round "6"]
[White "Kubatova, Beta"]
[Black "Hladka, Leontyna"]
[Result "1-0"]
[WhiteElo "1100"]
[BlackElo "1049"]
[EventDate "2019.03.09"]

1. e4  e5  2. Nf3  Nc6
3. d4  exd4  4. Nxd4
Bc5  5. Nb3  Bb6
6. Nc3  d6  7. Bd3
Nge7  8. O-O  Be6
9. Re1  Ng6  10. Qe2
Nge5  11. a3  Bxb3
12. cxb3  Nd4  13. Qd1
c6  14. Be2  Qd7
15. Be3  Nxe2+  16. Qxe2
Bxe3  17. Qxe3  O-O
18. h3 Qe6 19. Ne2  Qh6  20.
Qxh6  gxh6  21. Rad1  Rfd8
22. f4  Ng6  23. g3
h5  24. h4  f6
25. Kf2  d5  26. exd5  cxd5
27. Nc3  d4  28. Ne4
Kf7  29. Rd2  Rd5
30. Kf3  f5  31. Ng5+
Kg7  32. Ne6+  Kf6
33. Nc7  1-0

[Event "MCR mladeze 2019 - D10"]
[Site "Kouty nad Desnou"]
[Date "2019.03.13"]
[Round "6"]
[White "Lackova, Lucie"]
[Black "Kodetova, Adriana"]
[Result "0-1"]
[WhiteElo "1085"]
[BlackElo "1029"]
[EventDate "2019.03.09"]

1. e4  e5  2. Bc4  Nf6
3. d3  Nc6  4. Nf3
d5  5. exd5  Nxd5
6. Nc3  Nxc3  7. bxc3
Be7  8. O-O  O-O
9. Bd2  Bg4  10. Rb1
Rb8  11. Re1  Re8
12. Qe2  Bxf3  13. Qxf3
Bf6  14. Qh5  g6
15. Qh6  Bg7  16. Qe3
Na5  17. Bb5  c6
18. Ba4  b5  19. Bb3
Nxb3  20. cxb3  a5
21. c4  b4  22. Qe4
c5  23. Qc6  Qe7
24. Re3  Bh6  25. Re2
Bxd2  26. Rxd2  Rec8
27. Qf3  Rc7  28. Qh3
Re8  29. Qh6  Rd7
30. Re1  e4  31. Re3
Qf6  32. h3  Qc3
33. Ree2  Ree7  34. dxe4
Rxd2  35. Rxd2  Re8
36. Re2  Qd3  37. Rb2
Qxe4  38. f3  Qe1+
39. Kh2  Qe5+  40. Kg1
Qxb2  41. g4  Re1# 0-1

[Event "MCR mladeze 2019 - D10"]
[Site "Kouty nad Desnou"]
[Date "2019.03.13"]
[Round "6"]
[White "Zilava, Lucie"]
[Black "Kubatova, Ema"]
[Result "0-1"]
[WhiteElo "1050"]
[BlackElo "1011"]
[EventDate "2019.03.09"]

1. e4  c5  2. Nf3  Nc6
3. Nc3  d6  4. Bc4
Nf6  5. d3  e6
6. Bg5  Be7  7. Bf4  d5
8. Bb3  dxe4  9. dxe4
Qxd1+  10. Rxd1  O-O
11. O-O  Bd7  12. Ne5
Nxe5  13. Bxe5  Rad8
14. Bc7  Rc8  15. Be5 Rfd8 16.
Bd6  Bxd6  17. Rxd6  Rc6
18. Rxc6  Bxc6  19. Rd1
Rxd1+  20. Nxd1  Nxe4
21. Ne3  Nd2  22. Bc4
Nxc4  23. Nxc4  Bd5
24. Ne3  Bxa2  25. c3
Bd5  26. Nxd5  exd5
27. Kf1  Kf8  28. Ke2
Ke7  29. Kd3  Kd6
30. c4  dxc4+  31. Kxc4
a6  32. b4  b5+
33. Kb3 cxb4  34. Kxb4  Kc6  35.
Ka5  Kc5  36. f4  b4
37. Kxa6  b3  38. Kb7
b2  39. Kc7  b1=Q
40. Kd8  Qb8+  0-1

[Event "MCR mladeze 2019 - D10"]
[Site "Kouty nad Desnou"]
[Date "2019.03.13"]
[Round "6"]
[White "Kusova, Nikola"]
[Black "Stepanyshyn, Katerina"]
[Result "0-1"]
[WhiteElo "1100"]
[BlackElo "1100"]
[EventDate "2019.03.09"]

1. e4 d5 2. Bb5+ Bd7  3. Bxd7+  Qxd7
4. exd5  Qxd5  5. Nc3
Qd6  6. Nb5  Qd8
7. d4  Nc6  8. Nf3
Nf6  9. O-O  e6
10. Ng5  Be7  11. Bf4  Nd5
12. Bg3 Bf8  13. Bf4  Be7
14. Bg3  O-O  15. Nh3
Rc8  16. c4  Ndb4
17. a3  Na6  18. Nc3
Na5  19. Ne4  Nxc4
20. Ra2  Re8  21. Bf4
h6  22. Qg4  Qxd4
23. Neg5  hxg5  24. Nxg5
Bxg5  25. Qxg5  Nxb2
26. Rxb2  Qxb2  27. Be5
Qxe5  28. Qxe5  c5
29. Re1  c4  30. Re4
f6  31. Qh5  c3
32. Qd1 c2  33. Qc1  Red8  34.
Rxe6  Rd1+  35. Qxd1  cxd1=Q+ 36.
Re1 Qxe1# 0-1

[Event "MCR mladeze 2019 - D12"]
[Site "Kouty nad Desnou"]
[Date "2019.03.13"]
[Round "6"]
[White "Martinkova, Magdalena"]
[Black "Havelkova, Beata"]
[Result "1/2-1/2"]
[WhiteElo "1387"]
[BlackElo "1359"]
[EventDate "2019.03.09"]

1. e4  c5  2. Nf3  d6
3. d4  cxd4  4. Nxd4
Nf6  5. Nc3  g6
6. Be3  Bg7  7. f3  O-O
8. Qd2  Nc6  9. g4
Be6  10. O-O-O  Nxd4
11. Bxd4  Qa5  12. a3
Rfc8  13. h4  Rab8
14. h5  a6  15. hxg6
hxg6  16. Nd5  Qxd2+
17. Rxd2  Bxd5  18. exd5
b5  19. g5  Nh5
20. Bxg7  Kxg7  21. Bh3  Rh8
22. Bg4  Nf4  23. Re1
Rb7  24. Kb1  Kf8
25. Re4  Nh5  26. Rb4
Kg7  27. Rh2  Rc7
28. b3  Rc5  29. c4
bxc4  30. bxc4  Nf4
31. Rxh8  Kxh8  32. Rb7
f5  33. gxf6  exf6
34. Be6  Rxc4  35. Rb6
Rd4  36. Rxd6  a5
37. Kc2  Kg7  38. Rd7+
1/2-1/2

[Event "MCR mladeze 2019 - D12"]
[Site "Kouty nad Desnou"]
[Date "2019.03.13"]
[Round "6"]
[White "Veverkova, Dorota"]
[Black "Janouskova, Adela"]
[Result "1/2-1/2"]
[WhiteElo "1315"]
[BlackElo "1258"]
[EventDate "2019.03.09"]

1. e4  c5  2. c3  d5
3. exd5  Qxd5  4. Nf3
Nc6  5. Bb5  Bd7
6. O-O  Nf6  7. Bxc6
Bxc6  8. d4  cxd4
9. Qxd4  Qxd4  10. Nxd4
Bd7  11. Bf4  g6
12. Nd2  Bg7  13. Rfe1
e6  14. Bd6  O-O-O
15. Bb4  Nd5  16. Bc5
Kb8  17. Ne4  Bf8
18. Bxf8  Rhxf8  19. Rad1
Kc7  20. c4  Nb4
21. a3  Nc6  22. Nb5+
Kc8  23. Nf6  h5
24. Rd2  a6  25. Nc3
Be8  26. Red1  Rxd2
27. Rxd2  Ne5  28. b3
Bc6  29. f4  Nd7
30. Nxd7  Bxd7  31. b4
Rd8  32. a4  Be8
33. Rxd8+  Kxd8  34. Kf2
Kc7  35. Ke3  Bc6
36. g3  Kd6  37. c5+
Ke7  38. Kd4  Kf6
39. b5  axb5  40. axb5
Bg2  41. Ne4+  Ke7
42. c6  bxc6  43. b6
Kd7  44. Nc5+  Kc8
45. b7+  Kb8  46. Ke5
Kc7  47. Kf6  Bh3
48. Kxf7  Bf5  49. Ke7
Bg4  50. Kf6  Bf5
51. Kg5  Kb8  52. Kh4
Bg4  53. h3  Bd1
54. g4  hxg4  55. hxg4
Kc7  56. Kg5  Be2
57. Kxg6  Bxg4  58. Kf6
Kb8  59. Nxe6  Kxb7
60. Ke5  Kb6  61. Nd4
c5  62. Nb3  Kb5
63. Kd5  c4  64. Nd4+
1/2-1/2

[Event "MCR mladeze 2019 - D12"]
[Site "Kouty nad Desnou"]
[Date "2019.03.13"]
[Round "6"]
[White "Sehnoutkova, Laura"]
[Black "Zelbova, Lada"]
[Result "0-1"]
[WhiteElo "1071"]
[BlackElo "1221"]
[EventDate "2019.03.09"]

1. e4  c5  2. d4  cxd4
3. c3  d3  4. Bxd3
e6  5. Nf3  Nf6
6. O-O  Be7  7. Bf4  d6
8. Nbd2  O-O  9. Nb3
e5  10. Bg5  Be6
11. Qe2  Qc7  12. Rfd1
Nbd7  13. Rac1  Rac8
14. h3  h6  15. Be3
a6  16. c4  Rfd8
17. Rc2  Nc5  18. Nxc5
dxc5  19. b3  Bd7
20. Rcd2  Bc6  21. Bc2
Bd6  22. Nh2  Bxe4
23. Bxe4  Nxe4  24. Rc2
Nf6  25. Ng4  Nxg4
26. Qxg4  Kh8  27. Re1
Qd7  28. Qxd7  Rxd7
29. Bc1  f6  30. Rce2
Bc7  31. g4  Ba5
32. Rf1  Rcd8  33. Be3
Bb4  34. h4  g5
35. hxg5  hxg5  36. Kg2  Rd1
37. Rxd1  Rxd1  38. f3
Kg7  39. Kg3  Be1+
40. Kg2  Bb4  41. Kg3
a5  42. Rg2  Rd3
43. Re2  a4  44. bxa4
Ra3  45. Bf2  Rxa4
46. Rc2  Ra3  47. Bg1
e4  48. Re2  Rxf3+
49. Kg2  Rf4  50. Kg3
e3  51. Rxe3  Rxc4
52. Re7+  Kg6  53. Rxb7
Rc3+  54. Kf2  Ra3
55. Rc7  Rxa2+  56. Kf3
Rc2  57. Ke4  Rg2
58. Bxc5  Rxg4+  59. Kd5
Bxc5  60. Rxc5  Rf4
61. Rc1  g4  62. Rg1
f5  63. Ke5  Re4+
64. Kd5  Kg5  65. Rg2
Re1  66. Kd4  f4
67. Ra2  g3  68. Ra5+
Kg4  69. Ra2  f3
70. Ra4  g2  71. Kd3+
Kg3  72. Kd2  g1=Q
73. Ra3  Qd4+  74. Kxe1
Qb4+  75. Kf1  Qb1# 0-1

[Event "MCR mladeze 2019 - D12"]
[Site "Kouty nad Desnou"]
[Date "2019.03.13"]
[Round "6"]
[White "Hetfleischova, Elen"]
[Black "Dudkova, Josefina"]
[Result "0-1"]
[WhiteElo "1544"]
[BlackElo "1393"]
[EventDate "2019.03.09"]

1. c4  e5  2. Nc3  Nf6
3. g3  Bb4  4. Bg2
O-O  5. Nf3  Nc6
6. O-O  d5  7. cxd5
Nxd5  8. a3  Be7
9. b4  Nxc3  10. dxc3
a6  11. Bb2  Bf5
12. c4  Qxd1  13. Rfxd1
f6  14. Bc3  Rfe8
15. Ra2  Be6  16. Nd2
Red8  17. Bxc6  bxc6
18. Raa1  c5  19. Kf1
Rab8  20. Rab1  cxb4
21. Bxb4  Bxb4  22. Rxb4
Rxb4  23. axb4  Bxc4
24. Ke1  Bf7  25. Ne4
Rb8  26. Nc5  Bc4
27. Rc1  Rxb4  28. Nd7
c6  29. Nb8  Rxb8
30. Rxc4  Rb6  31. Kd2
Kf7  32. Kc3  Ke6
33. e4  Kd6  34. Rb4
Rxb4  35. Kxb4  a5+
36. Kxa5  Kc5  37. f3
Kd4  38. Kb4  c5+
39. Kb3  Kd3  0-1

[Event "MCR mladeze 2019 - D12"]
[Site "Kouty nad Desnou"]
[Date "2019.03.13"]
[Round "6"]
[White "Spacilova, Klara"]
[Black "Ticha, Sofie"]
[Result "1-0"]
[WhiteElo "1061"]
[BlackElo "1307"]
[EventDate "2019.03.09"]

1. e4  c5  2. Nf3  e6
3. d4  cxd4  4. Nxd4
Nc6  5. Be3  Nf6
6. Nc3  Bb4  7. f3
d5  8. Bb5  Bd7
9. Bxc6  Bxc6  10. e5  Nd7
11. f4  Nc5  12. Nxc6
bxc6  13. Bxc5  Bxc5
14. Qd3  Rb8  15. O-O-O
Qa5  16. a3  Qc7
17. Na4  Be7  18. Qc3
f6  19. Rhe1  fxe5
20. Qxe5  Qxe5  21. Rxe5
Kd7  22. Rde1  Bd6
23. Rxe6  Bxf4+  24. Kb1
Rhe8  25. Nc5+  Kc7
26. Rxe8  Rxe8  27. Rxe8
Bxh2  28. Rh8  Kd6
29. Rxh7  Be5  30. Rh5
Bf6  31. Nb3  Ke6
32. Rh8  a6  33. Ra8
a5  34. Nxa5  Kd6
35. Ra6  Ke5  36. Nxc6+
Kf5  37. b4  Ke6
38. b5  Kd7  39. Ra8
Kc7  40. a4  Kb6
41. Rb8+  Kc7  42. a5
Bg5  43. a6  Be3
44. Rb7+  Kc8  45. Rxg7
Bc5  46. a7  Bxa7
47. Rxa7  d4  48. b6
d3  49. b7+  Kc7
50. b8=Q+  Kxc6  51. Qb7+
Kc5  52. Ra5+  Kc4
53. Qe4+  Kc3  54. Ra3+
Kd2  55. Qxd3+  Ke1
56. c4  Kf2  57. Ra2+
Kg1  58. g4  Kh1
59. Qd1#  1-0

[Event "MCR mladeze 2019 - D12"]
[Site "Kouty nad Desnou"]
[Date "2019.03.13"]
[Round "6"]
[White "Rolinkova, Adela"]
[Black "Hrbkova, Johana"]
[Result "1-0"]
[WhiteElo "1229"]
[BlackElo "1179"]
[EventDate "2019.03.09"]

1. e4  e5  2. Nf3  Nf6
3. Nxe5  d6  4. Nf3
Nxe4  5. Nc3  Nxc3
6. dxc3  Be7  7. Be3
Nc6  8. Qd2  Be6
9. O-O-O  Qd7  10. Bd3
O-O-O  11. Rhe1  Ne5
12. Qe2  Nxf3  13. Qxf3
Bg4  14. Qxf7  Rdf8
15. Qxg7  Rfg8  16. Qd4
Bxd1  17. Qxa7  Qc6
18. Qa8+  Kd7  19. Bf5#
1-0

[Event "MCR mladeze 2019 - D12"]
[Site "Kouty nad Desnou"]
[Date "2019.03.13"]
[Round "6"]
[White "Archlebova, Stela"]
[Black "Coufalova, Laura"]
[Result "0-1"]
[WhiteElo "1253"]
[BlackElo "1015"]
[EventDate "2019.03.09"]

1. e4  e5  2. f4  d6
3. Nf3  Nc6  4. Bc4
Bg4  5. O-O  Nf6
6. Nc3  Be7  7. d3
Nd4  8. Be3  Nxf3+
9. Rxf3  Bxf3  10. Qxf3
O-O  11. fxe5  dxe5
12. Rf1  Qe8  13. Qg3
Nh5  14. Qg4  Nf6
15. Qh3  Qd7  16. Qg3
Qg4  17. Qxe5  Bd6
18. Qg5  Qxg5  19. Bxg5
Be7  20. e5  Nd5
21. Bxd5  Bxg5  22. Bxb7
Rab8  23. Bd5  Rbd8
24. Bc4  Be3+  25. Kh1
Bd4  26. e6  fxe6
27. Bxe6+  Kh8  28. Rxf8+
Rxf8  29. g3  Rf1+
30. Kg2  Rg1+  31. Kh3
Rf1  32. Nb5  Bb6
33. d4  c6  34. Bc4
Rf2  35. Nd6  Bxd4
36. Nf7+  Kg8  37. Ne5+
Kf8  38. Nxc6  Bc5
39. b4  Bd6  40. Bb3
h5  41. a4  g5
42. b5  Kg7  43. Nd4  Kg6
44. Nf5  g4+  45. Kh4
Rxh2#  0-1

[Event "MCR mladeze 2019 - D14"]
[Site "Kouty nad Desnou"]
[Date "2019.03.13"]
[Round "6"]
[White "Lhotska, Anna"]
[Black "Stastna, Martina"]
[Result "1-0"]
[WhiteElo "1845"]
[BlackElo "1660"]
[EventDate "2019.03.09"]

1. Nf3  d5  2. b3  e6
3. Bb2  Be7  4. e3
Nf6  5. c4  c6
6. d4  Nbd7  7. Nbd2  O-O
8. Bd3  Re8  9. O-O
dxc4  10. Nxc4  c5
11. Nfe5  cxd4  12. exd4
Nf8  13. f4  Bd7
14. Rf3  b5  15. Nxd7
N8xd7  16. Ne5  a6
17. Rh3  Nf8  18. g4
g6  19. Qf1  Rc8
20. f5  exf5  21. gxf5
Bd6  22. fxg6  fxg6
23. Qf3  Bxe5  24. dxe5
Nh5  25. Rf1  Qe7
26. e6  Qxe6  27. Be4
Rcd8  28. Qc3  Nf6
29. Rxf6  Rd1+  30. Kf2
Qe7  31. Rb6  1-0

[Event "MCR mladeze 2019 - D14"]
[Site "Kouty nad Desnou"]
[Date "2019.03.13"]
[Round "6"]
[White "Strnadova, Monika"]
[Black "Pejrimovska, Viola Ruby"]
[Result "1-0"]
[WhiteElo "1521"]
[BlackElo "1486"]
[EventDate "2019.03.09"]

1. e4  c5  2. Nf3  e6
3. d4  cxd4  4. Nxd4
Nf6  5. Nc3  d6
6. Be3  a6  7. Be2  Be7
8. f4  O-O  9. O-O
Qc7  10. a4  b6
11. Bf3  Bb7  12. Nb3  Nc6
13. Kh1  Nd7  14. g4
Rfd8  15. g5  Nc5
16. f5  exf5  17. Nd5
Qb8  18. exf5  Bf8
19. g6  fxg6  20. fxg6
h6  21. Nxb6  Ra7
22. Bd5+  Kh8  23. Rf7
Ne7  24. Bxh6  Bxd5+
25. Nxd5  Nxg6  26. Rxa7
Qxa7  27. Bg5  Ne7
28. Qh5+  Kg8  29. Rf1
Nxd5  30. Bxd8  Ne3
31. Rf2  Ne4  32. Rf3
Qb7  33. Kg1  Nxc2
34. Kf1  d5  35. Qf5
d4  36. Qxf8+  Kh7
37. Qf5+  Kg8  38. Qe6+
Kh7  39. Rh3# 1-0

[Event "MCR mladeze 2019 - D14"]
[Site "Kouty nad Desnou"]
[Date "2019.03.13"]
[Round "6"]
[White "Dudova, Pavlina"]
[Black "Voriskova, Anna"]
[Result "0-1"]
[WhiteElo "1505"]
[BlackElo "1603"]
[EventDate "2019.03.09"]

1. e4  c5  2. Nf3  Nc6
3. d4  cxd4  4. Nxd4
Nf6  5. Nc3  e5
6. Ndb5  d6  7. Bg5  a6
8. Na3  b5  9. Nd5
Be7  10. Bxf6  Bxf6
11. c3  Bg5  12. Nc2
Rb8  13. Ncb4  Nxb4
14. Nxb4  Qc7  15. Bd3
O-O  16. Qf3  Qb7
17. h4  Bd8  18. Qg3
a5  19. Nc2  b4
20. cxb4  axb4  21. b3  Qc7
22. Qe3  Be6  23. Qd2
Qa5  24. Ne3  Bxb3
25. Qb2  Be6  26. Ke2
Bb6  27. Rhc1  Bd4
28. Qb1  Bxa1  29. Qxa1
Qxa2+  30. Qxa2  Bxa2
31. Rc2  Be6  32. Rb2
Rfc8  33. Kd2  b3
34. Nd1  d5  35. exd5
Bxd5  36. g3  Rd8
37. Kc3  Rbc8+  38. Kb4
Bf3  39. Bc4  Bxd1
40. Bxb3  Bxb3  41. Kxb3
Rb8+  42. Kc2  Rdc8+
43. Kb1  Rxb2+  44. Kxb2
f5  0-1

[Event "MCR mladeze 2019 - D14"]
[Site "Kouty nad Desnou"]
[Date "2019.03.13"]
[Round "6"]
[White "Ruzickova, Ema"]
[Black "Zemanova, Nikola"]
[Result "0-1"]
[WhiteElo "1363"]
[BlackElo "1387"]
[EventDate "2019.03.09"]

1. e4  e6  2. d4  d5
3. Bd3  dxe4  4. Bxe4
Nf6  5. Bf3  g6
6. Ne2  Bg7  7. O-O  O-O
8. Nbc3  Nd5  9. Nxd5
exd5  10. c3  c6
11. Be3  Nd7  12. Qd2
Nb6  13. b3  Re8
14. Ng3  Be6  15. Bd1
f5  16. h4  Bf6
17. Bg5  Bxg5  18. Qxg5  Qxg5
19. hxg5  Bd7  20. f4
Re3  21. Rf3  Rae8
22. Rc1  Kf7  23. Rxe3
Rxe3  24. Kf2  Re8
25. Nh5  gxh5  26. Bxh5+
Kf8  27. Bxe8  Bxe8
28. Rh1  Bg6  29. Re1
Kf7  30. a4  a5
31. Kf3  Bh5+  32. Kg3  Bg4
33. Rh1  Kg7  34. Rh6
Bd1  35. Re6  Nc8
36. b4  axb4  37. cxb4
Bxa4  38. Kh4  Bd1
39. Rf6  Bg4  40. Re6
Kf7  41. Rf6+  Kg7
42. Re6  Kf7  43. Rh6
Kg7  44. Kg3  Nb6
45. Rd6  Kf7  46. Rh6
Kg7  47. b5  Nc4
48. bxc6  bxc6  49. Rxc6
Ne3  50. Rc7+  Kg6
51. Rc5  Kg7  52. Kf2
Nd1+  53. Ke1  Ne3
54. g3  Bh5  55. Kd2
Nf1+  56. Kd3  Bf7
57. Rc6  Nxg3  58. Rf6
Nh5  59. Rb6  Nxf4+
60. Ke3  Ne6  61. Rb4
f4+  62. Kf3  Bh5+
63. Kf2  Nxg5  64. Rb5
Bf7  65. Rb1  h5
66. Re1  Kf6  67. Re5
h4  68. Kg2  h3+
69. Kf2  h2  70. Re1
Bh5  71. Ra1  Bf3
72. Ra6+  Ne6  73. Rb6
Be4 0-1

[Event "MCR mladeze 2019 - D14"]
[Site "Kouty nad Desnou"]
[Date "2019.03.13"]
[Round "6"]
[White "Maresova, Michaela"]
[Black "Trasakova, Adela"]
[Result "0-1"]
[WhiteElo "1335"]
[BlackElo "1579"]
[EventDate "2019.03.09"]

1. e4  c6  2. d4  d5
3. Nc3  dxe4  4. Nxe4
Nd7  5. Nf3  Ngf6
6. Nc3  e6  7. a3
c5  8. dxc5  Bxc5
9. Bf4  O-O  10. Bc4
Nb6  11. Bb3  Qe7
12. O-O  Rd8  13. Qe2
Nbd5  14. Nxd5  Nxd5
15. Bg3  b6  16. Rad1
Bb7  17. Rfe1  Rac8
18. Bh4  Nf6  19. Rxd8+
Rxd8  20. Rd1  Rxd1+
21. Qxd1  Qd6  22. Qxd6
Bxd6  23. Nd4  a6
24. c3  Ne4  25. Bc2
Nd2  26. a4  Nc4
27. b3  Nd2  28. c4
Bc5  29. Ne2  Ne4
30. Kf1  h6  31. f3
Nd6  32. Bf2  Bxf2
33. Kxf2  Kf8  34. Nc3
Ke7  35. Ke3  Kd7
36. Ne4  Nxe4  37. Bxe4
Bxe4  38. Kxe4  Kd6
39. b4  Kc6  40. Kd4
a5  41. b5+  Kd6
42. f4  f6  43. g4
g5  44. fxg5  hxg5
0-1

[Event "MCR mladeze 2019 - D14"]
[Site "Kouty nad Desnou"]
[Date "2019.03.13"]
[Round "6"]
[White "Fizerova, Lucie"]
[Black "Sulcova, Tereza Radmila"]
[Result "0-1"]
[WhiteElo "1537"]
[BlackElo "1268"]
[EventDate "2019.03.09"]

1. e4  e6  2. d4  d5
3. Bd3  Nf6  4. e5
Nfd7  5. c3  c5
6. Nf3  Qb6  7. Bc2  cxd4 8. cxd4
Bb4+  9. Nc3  Nc6
10. O-O  O-O  11. a3
Be7  12. Re1  Re8
13. Qd3  Nf8  14. b4
f6  15. exf6  Bxf6
16. Nxd5  Qd8  17. Nxf6+
Qxf6  18. Bg5  Qf7
19. Bb3  Kh8  20. b5
Nd8  21. Ne5  Qh5
22. h4  Nf7  23. Nxf7+
Qxf7  24. Rac1  h6
25. Bd2  Rd8  26. Qg3
Rxd4  27. Rc7  Rd7
28. Rec1  Rxc7  29. Rxc7
Qg6  30. Qxg6  Nxg6
31. h5  Nf8  32. Bc3
e5  33. Bxe5  Nd7
34. Bxg7+  Kxg7  35. Be6
Kf6  36. Bxd7  Bxd7
37. Rxd7  Rb8  38. g4
a6  39. b6  a5
40. f3  Kg5  41. Kf2  Kf6
42. Kg3  Kg5  43. Rd5+
Kf6  44. Rxa5  Ke6
45. Rf5  Ra8  46. Rf8
Rxf8  47. f4  Ra8
48. g5  hxg5  49. fxg5
Kf5  50. h6  Kxg5
0-1